Математическое моделирование процесса пиролиза этан - пропановой фракции; Химия и химическая технология в XXI веке; Т. 2

Detaylı Bibliyografya
Parent link:Химия и химическая технология в XXI веке: материалы XXII Международной научно-практической конференции студентов и молодых ученых имени выдающихся химиков Л. П. Кулёва и Н. М. Кижнера, посвященной 125-летию со дня основания Томского политехнического университета, Томск, 17-20 мая 2021 г./ Национальный исследовательский Томский политехнический университет (ТПУ) ; Инженерная школа природных ресурсов ; Исследовательская школа химических и биомедицинских технологий.— , 2021
Т. 2.— 2021.— [С. 103-104]
Yazar: Чернышов М. Н.
Müşterek Yazar: Национальный исследовательский Томский политехнический университет Инженерная школа природных ресурсов Отделение химической инженерии
Diğer Yazarlar: Долганов И. М. Игорь Михайлович (научный руководитель)
Özet:Заглавие с титульного экрана
Dil:Rusça
Baskı/Yayın Bilgisi: 2021
Seri Bilgileri:Технология и моделирование процессов подготовки и переработки углеводородного сырья
Konular:
Online Erişim:http://earchive.tpu.ru/handle/11683/67702
Materyal Türü: MixedMaterials Elektronik Kitap Bölümü
KOHA link:https://koha.lib.tpu.ru/cgi-bin/koha/opac-detail.pl?biblionumber=632924

MARC

LEADER 00000naa2a2200000 4500
001 632924
005 20240402064731.0
035 |a (RuTPU)RU\TPU\conf\34646 
035 |a RU\TPU\conf\34636 
090 |a 632924 
100 |a 20210528d2021 k y0rusy50 ca 
101 0 |a rus 
102 |a RU 
105 |a y z 101zy 
135 |a drgn ---uucaa 
181 0 |a i  
182 0 |a b 
200 1 |a Математическое моделирование процесса пиролиза этан - пропановой фракции  |f М. Н. Чернышов, И. М. Долганов  |g науч. рук. И. М. Долганов 
203 |a Текст  |c электронный 
225 1 |a Технология и моделирование процессов подготовки и переработки углеводородного сырья 
300 |a Заглавие с титульного экрана 
320 |a [Библиогр.: с. 104 (3 назв.)] 
461 1 |0 (RuTPU)RU\TPU\conf\34506  |t Химия и химическая технология в XXI веке  |o материалы XXII Международной научно-практической конференции студентов и молодых ученых имени выдающихся химиков Л. П. Кулёва и Н. М. Кижнера, посвященной 125-летию со дня основания Томского политехнического университета, Томск, 17-20 мая 2021 г.  |o в 2 т.  |f Национальный исследовательский Томский политехнический университет (ТПУ) ; Инженерная школа природных ресурсов ; Исследовательская школа химических и биомедицинских технологий  |d 2021 
463 1 |0 (RuTPU)RU\TPU\conf\34508  |t Т. 2  |v [С. 103-104]  |d 2021 
610 1 |a труды учёных ТПУ 
610 1 |a электронный ресурс 
610 1 |a математическое моделирование 
610 1 |a пиролиз 
610 1 |a этан 
610 1 |a углеводородное сырье 
610 1 |a тепловые процессы 
610 1 |a непредельные углеводороды 
700 1 |a Чернышов  |b М. Н. 
701 1 |a Долганов  |b И. М.  |c химик-технолог  |c доцент Томского политехнического университета, кандидат технических наук  |f 1987-  |g Игорь Михайлович  |y Томск  |3 (RuTPU)RU\TPU\pers\25930  |9 11781 
702 1 |a Долганов  |b И. М.  |c химик-технолог  |c инженер Томского политехнического университета  |f 1987-  |g Игорь Михайлович  |3 (RuTPU)RU\TPU\pers\25930  |4 727 
712 0 2 |a Национальный исследовательский Томский политехнический университет  |b Инженерная школа природных ресурсов  |b Отделение химической инженерии  |3 (RuTPU)RU\TPU\col\23513 
801 2 |a RU  |b 63413507  |c 20210625  |g RCR 
856 4 |u http://earchive.tpu.ru/handle/11683/67702 
942 |c BK